Catalogue de la Bibliothèque de l'ENSA

Les paysans du Nord-Vietnam et la guerre (notice nᵒ 3841)

détails MARC
000 -LEADER
fixed length control field 00479nam a2200169Ia 4500
008 - FIXED-LENGTH DATA ELEMENTS--GENERAL INFORMATION
fixed length control field 160105s9999 xx 000 0 und d
020 ## - INTERNATIONAL STANDARD BOOK NUMBER
International Standard Book Number 2-7181-1725-7
041 ## - LANGUAGE CODE
Language code of text/sound track or separate title fre
245 ## - TITLE STATEMENT
Title Les paysans du Nord-Vietnam et la guerre
260 ## - PUBLICATION, DISTRIBUTION, ETC.
Place of publication, distribution, etc Paris
260 ## - PUBLICATION, DISTRIBUTION, ETC.
Name of publisher, distributor, etc Maspero
260 ## - PUBLICATION, DISTRIBUTION, ETC.
Date of publication, distribution, etc 1968
654 ## - SUBJECT ADDED ENTRY--FACETED TOPICAL TERM
General subdivision GUERRE/IMPERIALISME/MOUVEMENT SOCIAL/ETAT/MEDECINE TRADITIONNELLE/TEMOIGNAGE/MOUVEMENT DE LIBERATION NATIONALE
942 ## - ADDED ENTRY ELEMENTS (KOHA)
Koha item type Ouvrage
994 ## -
-- 103869
Exemplaires
Withdrawn status Lost status Damaged status Use restrictions Not for loan Home library Current library Cost, normal purchase price Shelving control number Total Checkouts Total Renewals Total Holds Full call number Barcode Cost, replacement price Koha item type
          Bibliothèque Centrale Bibliothèque Centrale 0.00         BC_483 22/A BC_483 22/A 0.00 Ouvrage
          Bibliothèque Centrale Bibliothèque Centrale 0.00         BC_483 22/B BC_483 22/B 0.00 Ouvrage

Adresse: Ecole Nationale Supérieure Agronomique Hassen Badi - El Harrach Alger, Algérie

Tél +213 (0) 23 82 85 07+213 (0) 23 82 85 12 Fax +213 23 82 85 03/04 Courriel: bibliotheque@edu.ensa.dz